लावारिसःकथा संग्रह (Record no. 6519)

MARC details
000 -LEADER
fixed length control field 01184 a2200229 4500
005 - DATE AND TIME OF LATEST TRANSACTION
control field 20080911160010.0
008 - FIXED-LENGTH DATA ELEMENTS--GENERAL INFORMATION
fixed length control field 080911t xxu||||| |||| 00| 0 hin d
010 ## - LIBRARY OF CONGRESS CONTROL NUMBER
LC control number HIN-80635
020 ## - INTERNATIONAL STANDARD BOOK NUMBER
International Standard Book Number 8180600513
Terms of availability 250.00
035 ## - SYSTEM CONTROL NUMBER
System control number HN-52981
037 ## - SOURCE OF ACQUISITION
Source of stock number/acquisition D.B.Act / pub
082 ## - DEWEY DECIMAL CLASSIFICATION NUMBER
Classification number 820.8
100 ## - MAIN ENTRY--PERSONAL NAME
Personal name अफ़जल तौसीफ़
245 ## - TITLE STATEMENT
Title लावारिसःकथा संग्रह
Statement of responsibility, etc अफ़जल तौसीफ़;अनुवादक वेदप्रकाश काम्बोज
246 ## - VARYING FORM OF TITLE
Title proper/short title Lawaris
Remainder of title by Afzal Tauseef; Tran by Ved Prakash Kamboz
260 ## - PUBLICATION, DISTRIBUTION, ETC. (IMPRINT)
Place of publication, distribution, etc दिल्ली
Name of publisher, distributor, etc कृति प्रकाशन
Date of publication, distribution, etc 2007
270 ## - ADDRESS
Address 4/32, सुभाष गली विश्वास नगर,शाहदरा
City दिल्ली
Postal code 110032
Telephone number 22303184
300 ## - PHYSICAL DESCRIPTION
Extent 231पृ
Dimensions 22सेमी (सजिल्द)
700 ## - ADDED ENTRY--PERSONAL NAME
Personal name काम्बोज, वेदप्रकाश
942 ## - ADDED ENTRY ELEMENTS (KOHA)
Institution code [OBSOLETE] dpl
Koha item type Hindi Books
Call number prefix 820.8 / अफ़ज
Source of classification or shelving scheme Dewey Decimal Classification
Classification part 820.8
Call number suffix अफ़ज
Holdings
Withdrawn status Lost status Damaged status Not for loan Home library Current library Date acquired Cost, normal purchase price Total Checkouts Full call number Barcode Date last seen Copy number Uniform Resource Identifier Cost, replacement price Price effective from Koha item type
        D.B.Act.Division D.B.Act.Division 11/09/2008 250.00   820.8 अफ़ज HN-52981 15/09/2008 1 7012 250.00 15/09/2008 Hindi Books

© Delhi Public Library
Hit Counter
free hit counter